Statistics for Inter Milan - Shakhtar Donetsk Europa League 2019-20

Click here to take the quiz!

General Stats

  • This quiz has been taken 43 times
  • The average score is 14 of 31

Answer Stats

Player% Correct
Samir Handanović
97%
Lautaro Martínez ²
94%
Romelu Lukaku ²
91%
Marcelo Brozović
82%
Stefan de Vrij
79%
Alessandro Bastoni
76%
Nicolò Barella
76%
Antonio Conte
65%
Diego Godín
62%
Ashley Young
59%
Christian Eriksen
56%
Danilo D'Ambrosio ¹
53%
Roberto Gagliardini
53%
Andriy Pyatov
50%
Taison
44%
Victor Moses
41%
Stefano Sensi
38%
Taras Stepanenko
38%
Cristiano Biraghi
32%
Júnior Moraes
32%
Marlos
32%
Dodô
29%
Sebastiano Esposito
26%
Marcos Antônio
15%
Yevhen Konoplyanka
15%
Alan Patrick
12%
Luís Castro
12%
Manor Solomon
9%
Mykola Matviyenko
9%
Serhiy Kryvtsov
9%
Davit Khocholava
6%

Score Distribution

Percentile by Number Answered

Percent of People with Each Score

Your Score History

You have not taken this quiz